Sports Quiz

Random Sports or NFL Quiz
Score 0/48 Timer 05:00
0 Plays Today
Season Tight End % Correct
2018Travis Kelce
93.4%
2019Travis Kelce
93.4%
2016Travis Kelce
93.4%
2017Travis Kelce
93.4%
2011Rob Gronkowski
91.3%
2015Rob Gronkowski
91.3%
2014Rob Gronkowski
91.3%
2017Rob Gronkowski
91.3%
2004Tony Gonzalez
90.8%
2000Tony Gonzalez
90.8%
2007Tony Gonzalez
90.8%
2008Tony Gonzalez
90.8%
2018George Kittle
85.8%
2019George Kittle
85.8%
2011Jimmy Graham
85%
2013Jimmy Graham
85%
2009Antonio Gates
78.3%
2005Antonio Gates
78.3%
1980Kellen Winslow
77.5%
1983Kellen Winslow
77.5%
2007Kellen Winslow
77.5%
1981Kellen Winslow
77.5%
2007Jason Witten
76.3%
2012Jason Witten
76.3%
Season Tight End % Correct
2009Jason Witten
76.3%
2010Jason Witten
76.3%
2018Zach Ertz
73.1%
1997Shannon Sharpe
65.9%
1996Shannon Sharpe
65.9%
1994Shannon Sharpe
65.9%
2015Greg Olsen
57.2%
2016Greg Olsen
57.2%
2014Greg Olsen
57.2%
1961Mike Ditka
55.2%
2009Dallas Clark
52.6%
1981Ozzie Newsome
47.7%
1984Ozzie Newsome
47.7%
2015Delanie Walker
45.1%
1967Jackie Smith
43.6%
2019Darren Waller
39.6%
1994Ben Coates
30.9%
1986Mark Bavaro
27.7%
2015Gary Barnidge
26%
1983Todd Christensen
24.6%
1986Todd Christensen
24.6%
1984Todd Christensen
24.6%
1965Pete Retzlaff
7.5%
1981Joe Senser
5.5%
Come Together.
Have Fun.
All Virtual.
We all need to come together. Play Sporcle's virtual live trivia to have fun, connect with people, and get your trivia on. Join a live hosted trivia game for your favorite pub trivia experience done virtually. If a virtual private party is more your thing, go here for details.

You're not logged in!

Compare scores with friends on all Sporcle quizzes.
OR
Log In

Sporcle TV

Today on Sporcle TV


Watch our educational content, quiz creation guides, and fun videos on Sporcle TV.

Show Comments

Extras

Top Quizzes Today


Score Distribution

Paid Content

Your Account Isn't Verified!

In order to create a playlist on Sporcle, you need to verify the email address you used during registration. Go to your Sporcle Settings to finish the process.

Report this User

Report this user for behavior that violates our Community Guidelines.

Details: